| 000 | 01577nam a2200205Ia 4500 | ||
|---|---|---|---|
| 001 | c55-29705 | ||
| 003 | IT-MiCISF | ||
| 008 | 161014s9999||||xx |||||||||||||| ||und|| | ||
| 040 |
_aIT-MiCISF _cIT-MiCISF |
||
| 041 | _ait | ||
| 100 | _aFracassi Anna Maria | ||
| 245 | 0 |
_aL'arcobaleno negato _bPercorsi didattici sulla condizione dell'infanzia nel mondo |
|
| 250 | _a1a ed. | ||
| 260 |
_bEditrice Missionaria Italiana (Bologna) _c1999 |
||
| 300 | _app. 208 | ||
| 500 | _a / infanzia, società, violenza, problemi-infanzia, scuola, abuso-sessuale, bambini-a-rischio, lavoro / Il libro è il risultato di un'esperienza di vita e di cultura di cui sono stati protagonisti ragazzi e ragazze del Sud e del Nord del mondo; punto di partenza per sperimentare solidarietà, condivisione, ospitalità, ma anche per conoscere, fuori dagli stereotipi, il complesso mondo dei giovani e per promuovere delle concrete iniziative sociali e politiche. Il testo è suddiviso in tre parti: la prima è rivolta agli adulti ed intende offrire una panoramica il più possibile aggiornata delle tematiche relative al lavoro minorile e alla condizione dell'infanzia in generale. La seconda parte è costituita da alcune schede sui problemi dell'infanzia nel mondo (le vaccinazioni, lo sfruttamento sessuale dei bambini, l'istruzione dei bambini e delle bambine ecc.). La terza parte si rivolge ai ragazzi, preadolescenti e adolescenti, coetanei di quelli che hanno partecipato attivamente alla realizzazione del testo. | ||
| 650 | _aetà-evolutiva | ||
| 942 | _cBK | ||
| 957 | _71 | ||
| 999 |
_a29705 _bsi _g1 _c209459 _d209459 |
||